[Event "SVK-chT5 1718"]
[Site "Slovakia"]
[Date "2017.11.04"]
[Round "2"]
[White "Viveiros, Cristino"]
[Black "Valent, Tomas"]
[Result "0-1"]
[WhiteElo "1000"]
[BlackElo "1189"]
[PlyCount "84"]
[EventDate "2017.10.21"]
[EventType "team-tourn"]
[EventRounds "9"]
[EventCountry "SVK"]
[SourceTitle "EXT 2019"]
[Source "ChessBase"]
[SourceDate "2018.10.10"]
[SourceVersion "1"]
[SourceVersionDate "2018.10.10"]
[SourceQuality "1"]
[WhiteTeam "Borsky Mikulas"]
[BlackTeam "Senica III"]
[WhiteTeamCountry "SVK"]
[BlackTeamCountry "SVK"]

1. e4 e5 2. Nf3 Nc6 3. Bb5 a6 4. Bd3 Nf6 5. Nc3 Bc5 6. Bc4 0-0 7. d3 d6 8. Bg5 Bg4 9. Qd2 Bxf3 10. gxf3 Nd4 11. f4 Nf3+ 12. Kd1 Nxd2 13. Bb3 Nxb3 14. axb3 exf4 15. Rg1 Bxf2 16. Rf1 Bd4 17. Ne2 Bxb2 18. Rb1 Ba3 19. Nxf4 h6 20. Bh4 g5 21. Bg3 gxf4 22. Bxf4 Bc5 23. Kd2 Kh7 24. Rf3 d5 25. Re3 Bxe3+ 26. Bxe3 dxe4 27. d4 Nd5 28. Bf2 e3+ 29. Bxe3 Nxe3 30. Kxe3 Re8+ 31. Kd3 f5 32. Rf1 Qd7 33. h4 Qb5+ 34. c4 Qxb3+ 35. Kd2 Qxc4 36. Rxf5 Qxd4+ 37. Kc2 Qe4+ 38. Kb3 Qxf5 39. Ka4 Re4+ 40. Ka3 Qf3+ 41. Ka2 Re2+ 42. Ka1 Qf1# 0-1